000 002380000a22000970004500
100 1 _aLazear, Roberto W.
245 1 0 _aParábola del ancla
300 _aVol. 10, Núm 50 (1998), Páginas 8-9
773 0 _tImpacto Presbiteriano
942 _cANA
999 _c51072
_d51072